ARRUPE JESUIT UNIVERSITY

CORONAVIRUS -STOP THE SPREAD - CLEAN,DISINFECT,COVER

Enemy of the people : (Record no. 131306)

MARC details
000 -LEADER
fixed length control field 01538cam a2200373 i 4500
001 - CONTROL NUMBER
control field 20379791
003 - CONTROL NUMBER IDENTIFIER
control field ARRUPE
005 - DATE AND TIME OF LATEST TRANSACTION
control field 20220413115954.0
008 - FIXED-LENGTH DATA ELEMENTS--GENERAL INFORMATION
fixed length control field 180227s2017 sa a b 001 0deng d
010 ## - LIBRARY OF CONGRESS CONTROL NUMBER
LC control number 2017495633
020 ## - INTERNATIONAL STANDARD BOOK NUMBER
International Standard Book Number 9781868428182
035 ## - SYSTEM CONTROL NUMBER
System control number (OCoLC)on1011094734
040 ## - CATALOGING SOURCE
Original cataloging agency OH#
Language of cataloging eng
Transcribing agency OH#
Description conventions rda
Modifying agency Z@L
-- TJC
-- YDX
-- NAM
-- DLC
042 ## - AUTHENTICATION CODE
Authentication code lccopycat
043 ## - GEOGRAPHIC AREA CODE
Geographic area code f-sa---
050 00 - LIBRARY OF CONGRESS CALL NUMBER
Classification number DT1977
Item number .B37 2017
300 ## - PHYSICAL DESCRIPTION
Other physical details illustrations ;
Dimensions 23 cm
100 1# - MAIN ENTRY--PERSONAL NAME
Personal name Basson, Adriaan,
Relator term author.
9 (RLIN) 51330
245 10 - TITLE STATEMENT
Title Enemy of the people :
Remainder of title how Jacob Zuma stole South Africa and how the people fought back /
Statement of responsibility, etc Adriaan Basson & Pieter du Toit.
260 ## - PUBLICATION, DISTRIBUTION, ETC. (IMPRINT)
Place of publication, distribution, etc Johannesburg
Name of publisher, distributor, etc Jonathan Ball
Date of publication, distribution, etc 2017
300 ## - PHYSICAL DESCRIPTION
Extent xxi, 338 pages :
504 ## - BIBLIOGRAPHY, ETC. NOTE
Bibliography, etc Includes bibliographical references (pages 292-322) and index.
600 10 - SUBJECT ADDED ENTRY--PERSONAL NAME
Personal name Zuma, Jacob
General subdivision Ethics.
9 (RLIN) 51331
610 20 - SUBJECT ADDED ENTRY--CORPORATE NAME
Corporate name or jurisdiction name as entry element African National Congress
General subdivision Corrupt practices.
9 (RLIN) 51332
650 #0 - SUBJECT ADDED ENTRY--TOPICAL TERM
Topical term or geographic name as entry element Civil society
Geographic subdivision South Africa.
9 (RLIN) 51333
650 #0 - SUBJECT ADDED ENTRY--TOPICAL TERM
Topical term or geographic name as entry element Political participation
Geographic subdivision South Africa.
9 (RLIN) 51334
650 #0 - SUBJECT ADDED ENTRY--TOPICAL TERM
Topical term or geographic name as entry element Government accountability
Geographic subdivision South Africa.
9 (RLIN) 51335
650 #0 - SUBJECT ADDED ENTRY--TOPICAL TERM
Topical term or geographic name as entry element Political corruption
Geographic subdivision South Africa.
9 (RLIN) 51336
650 #0 - SUBJECT ADDED ENTRY--TOPICAL TERM
Topical term or geographic name as entry element Misconduct in office
Geographic subdivision South Africa.
9 (RLIN) 51337
651 #0 - SUBJECT ADDED ENTRY--GEOGRAPHIC NAME
Geographic name South Africa
General subdivision Politics and government
Chronological subdivision 1994-
700 1# - ADDED ENTRY--PERSONAL NAME
Personal name Du Toit, Pieter,
Relator term author.
9 (RLIN) 51338
906 ## - LOCAL DATA ELEMENT F, LDF (RLIN)
a 7
b cbc
c copycat
d 3
e ncip
f 20
g y-gencatlg
942 ## - ADDED ENTRY ELEMENTS (KOHA)
Source of classification or shelving scheme Library of Congress Classification
Koha item type Monograph ( Printed materials)
Holdings
Withdrawn status Lost status Source of classification or shelving scheme Damaged status Not for loan Home library Current library Date acquired Total Checkouts Full call number Barcode Date last seen Price effective from Koha item type
    Library of Congress Classification     ARRUPE LIBRARY ARRUPE LIBRARY 13/04/2022   DT1977 .B37 2017 46600009171 13/04/2022 13/04/2022 Monograph ( Printed materials)

 

Arrupe Library. PO Box MP320 Mt Pleasant, Harare, Zimbabwe
263 242 745411|librarian@aju.ac.zw